NBA Most Points in a Game Per Team - Statistics

General Stats
  • This quiz has been taken 759 times
    112 since last reset
  • The average score is 24 of 36
Answer Stats
Answer % Correct
Kobe Bryant
99%
Wilt Chamberlain
97%
Luka Dončić
96%
Michael Jordan
94%
LeBron James
93%
Devin Booker
92%
Damian Lillard
91%
Giannis Antetokounmpo
89%
Donovan Mitchell
87%
Joel Embiid
87%
James Harden
84%
Carmelo Anthony
83%
Larry Bird
83%
David Robinson
82%
Jayson Tatum
81%
Russell Westbrook
81%
Ja Morant
75%
Anthony Davis
74%
Kemba Walker
68%
Kyrie Irving
67%
Karl-Anthony Towns
66%
Bradley Beal
65%
Reggie Miller
63%
Tracy McGrady
63%
Dominique Wilkins
60%
David Thompson
57%
De'Aaron Fox
55%
Pete Maravich
49%
Bob Pettit
48%
Gilbert Arenas
42%
Bob McAdoo
39%
Fred VanVleet
25%
Charles Smith
22%
Fred Brown
20%
Jerry Stackhouse
15%
Lou Hudson
15%
No matching quizzes found
Score Distribution
Percent of People with Each Score
Percentile by Number Answered
Your Score History
You have not taken this quiz since the last reset